Normal view
MARC view
Entry Personal Name
001 - CONTROL NUMBER
- control field: 54307
003 - CONTROL NUMBER IDENTIFIER
- control field: dpl
005 - DATE AND TIME OF LATEST TRANSACTION
- control field: 20121213170723.0
008 - FIXED-LENGTH DATA ELEMENTS
- fixed length control field: 121213|||a|||||| | ||| d
040 ## - CATALOGING SOURCE
- Original cataloging agency: dpl
- Transcribing agency: dpl
100 ## - HEADING--PERSONAL NAME
- Personal name: Ramaswamy, Vijaya
670 ## - SOURCE DATA FOUND
- Source citation: Work cat.: (dpl)0: Ramaswamy, Vijaya, The song of the loom :, 2013
670 ## - SOURCE DATA FOUND
- Source citation: Work cat.: (dpl)0: Ramaswamy, Vijaya, The song of the loom :, 2013
